Tinh hoa Hà Nội /
Sách tập hợp những câu chuyện con người vượt lên bão tố cuộc đời để sống, để yêu, để hiến dâng cho Thăng Long-Hà Nội những gì tinh tuý nhất của Con người.
Đã lưu trong:
| Tác giả chính: | |
|---|---|
| Định dạng: | Sách |
| Ngôn ngữ: | Vietnamese |
| Được phát hành: |
Hà Nội :
Văn hoá thông tin,
2000.
|
| Những chủ đề: | |
| Các nhãn: |
Thêm thẻ
Không có thẻ, Là người đầu tiên thẻ bản ghi này!
|
| Thư viện lưu trữ: | Mạng thư viện Đại học Đà Nẵng |
|---|
| LEADER | 01002cam a2200337 i 4500 | ||
|---|---|---|---|
| 001 | 000046716 | ||
| 003 | 6221 | ||
| 005 | 20030911142724.0 | ||
| 008 | 010306b2000 vm 000 vie | ||
| 020 | |c 32000 | ||
| 040 | |a IRC |c IRC |d IRC | ||
| 041 | 0 | |a vie | |
| 082 | 1 | 4 | |a 911.59731 |b MA-T |
| 100 | 1 | |a Mai Thục. | |
| 245 | 0 | 0 | |a Tinh hoa Hà Nội / |c Mai Thục. |
| 260 | |a Hà Nội : |b Văn hoá thông tin, |c 2000. | ||
| 300 | |a 355tr. ; |c 19cm. | ||
| 520 | 3 | |a Sách tập hợp những câu chuyện con người vượt lên bão tố cuộc đời để sống, để yêu, để hiến dâng cho Thăng Long-Hà Nội những gì tinh tuý nhất của Con người. | |
| 630 | 0 | 4 | |a Hà Nội. |
| 630 | 0 | 4 | |a Tinh hoa. |
| 650 | 0 | 4 | |a Tinh hoa |z Hà Nội. |
| OWN | |a DUT | ||
| 999 | |a From the UDN01 | ||
| TYP | |a Monograph | ||
| TYP | |a Printed language | ||
| 980 | |a Mạng thư viện Đại học Đà Nẵng | ||